000 00315nam a22001337a 4500
020 _a0-552-54653-4
082 _a823
_bWIL/L
100 _aJACQUELINE WILSON
245 _aLIZZIE ZIPMOUTH
260 _aGREAT BRITAIN
_bYOUNG CORGI
_c2000
300 _a79
650 _aCHILDREN'S STORY BOOK
_zUNITED KINGDOM
942 _cBK
999 _c120
_d120